Respirometry in control of the activated sludge process: benchmarking control strategies. IWA Task Group on Respirometry in Control of the Activated Sludge Process
Zapisane w:
| Główni autorzy: | , , |
|---|---|
| Format: | Książka |
| Język: | angielski |
| Wydane: |
Londres
IWA
2002
|
| Wydanie: | 1a. ed |
| Seria: | Scientific and Technical Report, 11
|
| Hasła przedmiotowe: | |
| Etykiety: |
Dodaj etykietę
Nie ma etykietki, Dołącz pierwszą etykiete!
|
MARC
| LEADER | 00000nam a2200000 a 4500 | ||
|---|---|---|---|
| 001 | UCJ9074 | ||
| 003 | CL-VaPUC | ||
| 008 | 070302e20020000UK |||||||||||||||||eng|d | ||
| 020 | |a 1900222515 | ||
| 082 | 0 | 4 | |a 628.35 |b COP |2 21 |
| 100 | 0 | |a Copp, J. B |e author |9 518988 | |
| 700 | 0 | |a Spanjers, H |e author |9 518989 | |
| 700 | 0 | |a Vanrolleghem, P. A |e author |9 518990 | |
| 245 | 1 | 0 | |a Respirometry in control of the activated sludge process: benchmarking control strategies. IWA Task Group on Respirometry in Control of the Activated Sludge Process |
| 250 | |a 1a. ed | ||
| 300 | |a 192 p | ||
| 942 | |c BK | ||
| 945 | |d 20070302 00:00:00 |a cmena | ||
| 260 | |a Londres |b IWA |c 2002 | ||
| 650 | 7 | |a TRATAMIENTO DE AGUAS RESIDUALES |2 CL-VaPUC |9 518991 | |
| 650 | 7 | |a RESPIROMETRIA |2 CL-VaPUC |9 518992 | |
| 650 | 0 | |a Modelos matemáticos |9 259437 | |
| 650 | 0 | |a Simulación por computadores |9 497334 | |
| 583 | |a last modification |c 20070302 00:00:00 |k Rodrigo Vera | ||
| 490 | 0 | |a Scientific and Technical Report, 11 | |
| 999 | |c 324710 |d 324708 | ||
| 952 | |0 0 |1 0 |4 0 |6 628_350000000000000_COP_2002 |7 0 |8 A |9 405045 |a BIBING |b BIBING |d 2019-11-22 |i 4292057 |o 628.35 COP 2002 |p 4292057 |r 2025-01-20 |w 2019-11-22 |y BK |k EIB | ||